El riesgo de desarrollo un supuesto paradj̤ico de la responsabilidad por productos

Detalles Bibliográficos
Autor principal: Prieto Molinero, Ramiro
Formato: Desconocido
Lenguaje:español
Publicado: Madrid : Dykinson, 2005
Materias:
Acceso en línea:http://www.vlex.com/source/7039

MARC

LEADER 00000 a2200000 4500
005 20130426145932.0
007 cr|||| ||||
008 130426e2005 sp |||||s|||| 00||0 spa d
035 |a 7039 
040 |a vLex 
090 |c 4202  |d 4202 
100 1 0 |a Prieto Molinero, Ramiro  
245 1 3 |a El riesgo de desarrollo  |b un supuesto paradj̤ico de la responsabilidad por productos  |c / Ramiro Prieto Molinero   |h [Recurso electrn̤ico] 
256 |a Servicio en ln̕ea 
260 |a Madrid :  |b Dykinson,   |c 2005 
300 |a 1 Recurso electrn̤ico 
506 |d vLex Global  |d vLex Global (Academic Edition, excluding Law Schools)  |d vLex Global (U.S. Academic Edition, Law Schools)  |d vLex Global (U.S. Academic Edition, excluding Law Schools)  |d vLex Global (Academic Edition, Law Schools) 
650 0 4 |a Derecho civil 
650 0 4 |a Responsabilidad por productos 
740 |a vLex Libros (Servicio en ln̕ea) 
856 |a Acceso restringido  |u http://www.vlex.com/source/7039 
942 |c BOOK 
999 0 |a Civil law